000 00662nam a2200217 4500
001 139254
003 ES-MaACL
005 20230906195734.0
007 t|
008 070214s1976 sp r ||||1| spa d
100 1 _aSciascia, Leonardo.
_9104929
245 1 3 _aEl contexto
_b: una parodia /
_cLeonardo Sciascia ; [traducción: Jordi Marfáa].
250 _a1ª ed.
260 _aBarcelona :
_bNoguer,
_c1976.
300 _a148 p. ;
_c20 cm.
490 1 _aGalería literaria contemporánea
700 1 _aMarfáa, Jordi.
_9129483
830 0 _aGalería literaria contemporánea
_9187120
852 _aES-MaACL
_jA-7615
_bR.96483
999 _c139254
_d139254